| Поле | Инд. | ПП | Название | Значение |
|---|---|---|---|---|
| Тип записи | a | |||
| Библиографический уровень | m | |||
| 001 | Контрольный номер | RU/IS/BASE/263563190 | ||
| 005 | Дата корректировки | 20250619163332.0 | ||
| 008 | Кодируемые данные | 19950324 | ||
| 020 | 00 | a | ISBN | 5-308-01617 |
| 084 | a | Индекс другой классификации/Индекс ББК | 22.3я72; 22.2я72; 22.317я72; 22.36я72; 22.213я72; 22.32я72 | |
| 090 | 00 | a | Полочн. индекс | 22.3я72 |
| x | Авторский знак | К 937 | ||
| 097 | 00 | a | 230 | |
| 245 | 00 | a | Заглавие | Курс общей физики |
| n | Номер части/ раздела | Ч.1 | ||
| p | Название части/ раздела | Механика. Основы термодинамики, физики реальных газов, жидкостей и твердого тела | ||
| 260 | 00 | a | Место издания | Киев |
| b | Издательство | Днiпро | ||
| c | Дата издания | 1994 | ||
| 300 | 00 | a | Объем | 348 с. |
| b | Иллюстрации/ тип воспроизводства | ил. | ||
| 336 | a | Термин вида содержания | Текст | |
| 337 | a | Термин типа средства | непосредственный | |
| 504 | 00 | a | Библиография | Предм. указ.: с. 344 |
| 650 | 04 | a | Основная рубрика | механика |
| a | Основная рубрика | термодинамика | ||
| a | Основная рубрика | физика | ||
| 653 | 00 | a | Ключевые слова | агрегатные состояния вещества |
| a | Ключевые слова | акустика | ||
| a | Ключевые слова | аэродинамика | ||
| a | Ключевые слова | Бернулли уравнение | ||
| a | Ключевые слова | волны | ||
| a | Ключевые слова | вращательное движение | ||
| a | Ключевые слова | второе начало термодинамики | ||
| a | Ключевые слова | гармонические колебания | ||
| a | Ключевые слова | гидродинамика | ||
| a | Ключевые слова | динамика | ||
| a | Ключевые слова | жидкости | ||
| a | Ключевые слова | законы | ||
| a | Ключевые слова | законы сохранения | ||
| a | Ключевые слова | звук | ||
| a | Ключевые слова | идеальный газ | ||
| a | Ключевые слова | кинематика точки | ||
| a | Ключевые слова | колебания | ||
| a | Ключевые слова | молекулярная теория | ||
| a | Ключевые слова | молекулярно-кинетическая теория | ||
| a | Ключевые слова | необратимые процессы | ||
| a | Ключевые слова | обратимые процессы | ||
| a | Ключевые слова | пар | ||
| a | Ключевые слова | первое начало термодинамики | ||
| a | Ключевые слова | реальные газы | ||
| a | Ключевые слова | твердое тело | ||
| a | Ключевые слова | фазовые переходы | ||
| a | Ключевые слова | энтропия | ||
| a | Ключевые слова | явление переноса | ||
| 655 | 00 | a | Жанр/ форма (устаревшее) | учебное пособие |
| 901 | t | Тип документа | m | |
| 952 | a | Тип литературы для КСУ ВШ | УИ |